00939naa a22002297a 4500001001000000003000900010005001700019007000300036008003400039040005400073041000900127072000800136100002100144100001300165100001700178111008900195245013200284260003400416500012300450650001600573773012000589BR9400204BR-BrBNA20240918181054.0ta230509b bl.||||| |||| 00| 0 por d aBR-BrBNAbporcBiblioteca Nacional de Agricultura a(Pt) aN201 aCasao Junior, R.1 aDias, A.1 aFerretti, G.1 a22. Congresso Brasileiro de Engenharia AgricolacIlheus, BA (Brazil)d19-23 Jul 19931 aDeterminacao do torcor e seus efeitos sobre o conjunto trator-implemento montado, com uso do dinamometro de engate nos 3 pontos3 aIlheus, BA (Brasil): c1993.  a22. Congresso Brasileiro de Engenharia Agricola. Anais Ilheus, BA (Brasil): 1993. v. 3 p. 2026-2037 (BR9400204-AM)N20  aDinamometro0 t22. Congresso Brasileiro de Engenharia Agricola. AnaiswN20 BR9400204gIlheus, BA (Brasil), 1993. v. 3 p. 2026-2037